• 首页
  • 本馆介绍
  • 公告通知
  • 最新文献
  • 馆藏检索
  • 电子资源
  • 读者导购
  • 参考咨询
  • 我的图书馆
  • 登录
  • 详细信息显示
  • 放入我的书架
  • 预约/预借图书
  • 作者相关作品
  • 分类相关作品
  • 丛书相关作品
  • 出版社相关作品

书目信息

  • 表格格式
  • 工作单格式
  • 卡片格式
题名:
化学建材原材料手册
    
 
作者: 沈春林 主编
分册:  
出版信息: 北京   中国标准出版社  2008
页数: 22,756页
开本: 26cm
丛书名:
单 册:
中图分类: TU53-62
科图分类:
主题词: 建筑化工材料--手册 , 建筑化工材料
电子资源:
ISBN: 978-7-5066-4982-7
000 00866nam0 2200241 45
001 1050954593
005 20100420100815.56
010    @a978-7-5066-4982-7@dCNY98.00
100    @a20100409d2008 em y0chiy50 ea
101 0  @achi
102    @aCN@b110000
105    @ak z 000yy
106    @ar
200 1  @a化学建材原材料手册@AHua Xue Jian Cai Yuan Cai Liao Shou Ce@f沈春林主编@FShen Chun Lin Zhu Bian
210    @a北京@c中国标准出版社@d2008
215    @a22,756页@d26cm
330    @a本书以化工建材原材料为主线,分别详细介绍了沥青材料、高分子聚合物、助剂、溶剂、颜料、防水卷材辅助材料、混凝土常用材料七大类化学建材原材料的性能、特点、用途及施工应用技术等内容。
606 0  @a建筑化工材料@j手册
606 0  @a建筑化工材料
690    @aTU53-62@v4
701  0 @a沈春林@AShen Chun Lin@4主编
801  0 @aCN@bTANGWEI@c20100420
905    @b0592105-07@dTU53-62@e535@f3
    
    化学建材原材料手册/沈春林主编.-北京:中国标准出版社,2008
    22,756页;26cm
    
    
    ISBN 978-7-5066-4982-7:CNY98.00
    本书以化工建材原材料为主线,分别详细介绍了沥青材料、高分子聚合物、助剂、溶剂、颜料、防水卷材辅助材料、混凝土常用材料七大类化学建材原材料的性能、特点、用途及施工应用技术等内容。
●
相关链接 在E读中查询图书 在五车中查询图书 在当当中查询图书 在豆瓣中查询图书


正题名:化学建材原材料手册     索取号:TU53-62/535         预约/预借

序号 登录号 条形码 馆藏地/架位号 状态 备注
1 0592105   205921056   第二样本阅览室/ [索取号:TU53-62/535] 在馆    
2 0592106   205921065   密集书库-化学系/ [索取号:TU53-62/535] 在馆    
3 0592107   205921074   第三借阅区/ [索取号:TU53-62/535] 在馆    
唐山师范学院图书馆 欢迎您!
大连网信软件有限公司© 版权所有